00665nam a22002297a 450000500170000001000130001702000220003003500130005203700160006504000120008108200130009324501160010624600060022226000350022827000370026330000280030050000200032865000220034865000170037070000240038770000240041120170124110241.0 aA-447459 c00.00a0861244672 aA-447459 bCen Lib/Ret aDPLbEN a909bHIS aHistory Of The World : cedited by John Whitney Hall [and] John Grayson Kirk bthe Renaissance To World War 1 / b  aLondon bBrompton Books c1988 bLondon a176, old brompton road  a304p. :c30cm(Hb)bill. aIncludes index  aHistory -- World  aWorld War 1. aHall, John Whitney  aKirk, John Grayson